Normal view
MARC view
- Pinches,George E
Entry Personal Name
001 - CONTROL NUMBER
- control field: 119788
003 - CONTROL NUMBER IDENTIFIER
- control field: NUST
005 - DATE AND TIME OF LATEST TRANSACTION
- control field: 20231220123525.0
008 - FIXED-LENGTH DATA ELEMENTS
- fixed length control field: 231220|| aca||aabn | a|a d
040 ## - CATALOGING SOURCE
- Original cataloging agency: NUST
- Transcribing agency: NUST
100 ## - HEADING--PERSONAL NAME
- Personal name: Pinches,George E
670 ## - SOURCE DATA FOUND
- Source citation: Work cat.: (NUST)345103: Pinches,George E., Essentials of Financial Management, 1995
